Формирование окисложелезных отложений в испарительных элементах двух барабанных котлов; Современные техника и технологии; Т. 3

Podrobná bibliografie
Parent link:Современные техника и технологии: сборник трудов XVIII международной научно-практической конференции студентов, аспирантов и молодых ученых, Томск, 9-13 апреля 2012 г/ Национальный исследовательский Томский политехнический университет (ТПУ).— , 2012
Т. 3.— 2012.— [С. 219-220]
Hlavní autor: Орлова Л. В.
Korporativní autor: Национальный исследовательский Томский политехнический университет (ТПУ)
Další autoři: Тайлашева Т. С. Татьяна Сергеевна (научный руководитель)
Shrnutí:Заглавие с титульного листа
Jazyk:ruština
Vydáno: 2012
Edice:Секция 10: Теплоэнергетика
Témata:
On-line přístup:http://www.lib.tpu.ru/fulltext/v/Conferences/2012/C2/V3/v3_106.pdf
Médium: MixedMaterials Elektronický zdroj Kapitola
KOHA link:https://koha.lib.tpu.ru/cgi-bin/koha/opac-detail.pl?biblionumber=226176

MARC

LEADER 00000nla2a2200000 4500
001 226176
005 20231215112545.0
035 |a (RuTPU)RU\TPU\book\246543 
035 |a RU\TPU\book\246299 
090 |a 226176 
100 |a 20121119d2012 k y0rusy50 ca 
101 0 |a rus 
102 |a RU 
105 |a y z 101zy 
135 |a drcn ---uucaa 
181 0 |a i  
182 0 |a b 
200 1 |a Формирование окисложелезных отложений в испарительных элементах двух барабанных котлов  |f Л. В. Орлова  |g Национальный исследовательский Томский политехнический университет (ТПУ) ; науч. рук. Т. С. Тайлашева 
203 |a Текст  |c электронный 
215 |a 1 файл (740 Kb) 
225 1 |a Секция 10: Теплоэнергетика 
300 |a Заглавие с титульного листа 
320 |a [Библиогр.: с. 220 (5 назв.)] 
337 |a Adobe Reader 
461 1 |0 (RuTPU)RU\TPU\book\240890  |t Современные техника и технологии  |o сборник трудов XVIII международной научно-практической конференции студентов, аспирантов и молодых ученых, Томск, 9-13 апреля 2012 г  |o в 3 т.  |f Национальный исследовательский Томский политехнический университет (ТПУ)  |d 2012 
463 1 |0 (RuTPU)RU\TPU\book\245545  |t Т. 3  |v [С. 219-220]  |d 2012  |p 447 с. 
610 1 |a электронный ресурс 
610 1 |a труды учёных ТПУ 
610 1 |a формирование 
610 1 |a окислы железа 
610 1 |a отложения 
610 1 |a испарительные элементы 
610 1 |a барабанные котлы 
700 1 |a Орлова  |b Л. В. 
702 1 |a Тайлашева  |b Т. С.  |c специалист в области теплотехники  |c доцент Томского политехнического университета, кандидат технических наук  |f 1975-  |g Татьяна Сергеевна  |4 727  |9 11599 
712 0 2 |a Национальный исследовательский Томский политехнический университет (ТПУ)  |c (2009- )  |3 (RuTPU)RU\TPU\col\15902 
801 2 |a RU  |b 63413507  |c 20130924  |g RCR 
856 4 |u http://www.lib.tpu.ru/fulltext/v/Conferences/2012/C2/V3/v3_106.pdf 
942 |c CF